000 00664nam a2200217Ia 4500
003 OSt
005 20250106142333.0
008 210210b2003 xxu||||| |||| 00| 0 eng d
020 _a81 7713 141 9
040 _cAL
041 _aKannada
082 _aK894.8 KAND
100 _aKANNADA PUSTAKA PRADHIKARA.
_d ಕನ್ನಡ ಪುಸ್ತಕ ಪ್ರಾಧಿಕಾರ
_9192270
245 _aDerida.
_bಡೆರಿಡಾ
260 _aBengaluru
_bKannada Pustaka Pradhikara
_c2003
300 _a127
650 _aJagatika chintakara male 15Derida Madhava Peraje
_9192271
690 _aKannada Miscellaneous
_9192272
906 _aSG04043
942 _2ddc
_cBK
999 _c114730
_d114730